Handbook for the beginner's home study in the Word of God. (Record no. 3824)

000 -LEADER
fixed length control field 00568nam a2200181 a 4500
001 - CONTROL NUMBER
control field :::00001559$&:&@@
003 - CONTROL NUMBER IDENTIFIER
control field OkBaRHE
005 - DATE AND TIME OF LATEST TRANSACTION
control field 20000607103244.0
008 - FIXED-LENGTH DATA ELEMENTS--GENERAL INFORMATION
fixed length control field s1930 j 000 0 eng u
040 ## - CATALOGING SOURCE
Transcribing agency
100 1# - MAIN ENTRY--PERSONAL NAME
Personal name Manthey-Zorn, Carl.
245 10 - TITLE STATEMENT
Title Handbook for the beginner's home study in the Word of God.
260 ## - PUBLICATION, DISTRIBUTION, ETC. (IMPRINT)
Place of publication, distribution, etc St. Louis, MO., :
Name of publisher, distributor, etc Concordia Publishing House
Date of publication, distribution, etc 1930
300 ## - PHYSICAL DESCRIPTION
Extent 284 p. ;
Dimensions 24 cm.
650 ## - SUBJECT ADDED ENTRY--TOPICAL TERM
Topical term or geographic name as entry element Bible
General subdivision Study
942 ## - ADDED ENTRY ELEMENTS (KOHA)
Source of classification or shelving scheme
Koha item type Books
Copies
Withdrawn status Not for loan Full call number Koha item type Damaged status Barcode Copy number Permanent Location Price effective from Date acquired Lost status Shelving location Source of classification or shelving scheme Date last seen
  BS 600 .M3Books 15591RHEMA Bible Training College2010-04-142010-04-14 General Stacks 2010-04-14